| 000 | 00340cam a22001097a 4500 | ||
|---|---|---|---|
| 008 | 180718b-- xxu||||| |||| 00| 0 eng d | ||
| 082 | _aB71103x5453 A | ||
| 100 | _aKerala. Law Department | ||
| 245 | _aKerela panchayat raj act | ||
| 260 |
_aThiruvanthapuram _bThe author _c-- |
||
| 500 | _aLibrary has Act 32 of 1960 as on 12.3.1962;Act 13 of 1994 | ||
| 999 |
_c488299 _d488299 |
||